Precvičme si pravopis v 5. ročníku základných škôl

Podrobná bibliografia
Hlavní autori: Rýzková, Anna, 1936-2015 (Autor), Benková, Jozefína (Autor), Matúšová, Anežka (Autor)
Médium: Kniha
Jazyk:slovenčina
PhysicalDescription:71 s. 15 cm
Vydavateľské údaje: Bratislava Slovenské pedagogické nakladateľstvo 2006
ISBN:801000877X
Vydanie:8. vyd.
Predmet:

MARC

LEADER 00000nam a2200000 a 4500
001 vtls008692049
003 SK-MaSNL
005 20260301185027.0
008 240315s2006 xo c p 000 0 slo
015 |a SNBA2006/05-02468 
020 |a 801000877X  |q (brož.) 
035 |a urn:nbn:sk:snk-am00cv83 
035 |a urn:nbn:sk:snk-am3hogk 
035 |a A83DBD15-5CB9-4C48-8F1E-20157F335953 
040 |a SNK  |b slo  |c SNK  |e AACR2 
041 0 |a slo 
044 |a xo  |c SK 
072 7 |a 811.162.4  |x Slovenčina  |2 konspekt 
080 |a 81`35  |2 2001 
080 |a 373.3  |2 2001 
080 |a (035)  |2 2001 
080 |a (076.3)  |2 2001 
080 |a 811.162.4  |2 2001 
100 1 |a Rýzková, Anna,  |d 1936-2015  |4 aut  |9 85965 
245 1 0 |a Precvičme si pravopis v 5. ročníku základných škôl  |c Anna Rýzková, Jozefína Benková, Anežka Matúšová 
250 |a 8. vyd. 
260 |a Bratislava  |b Slovenské pedagogické nakladateľstvo  |c 2006 
300 |a 71 s.  |c 15 cm 
504 |a Bibliogr. s. 67-72 
650 0 7 |a slovenčina  |2 SNKPH  |9 1350 
650 0 7 |a pravopis  |2 SNKPH  |9 868 
650 0 7 |a základné školy  |2 SNKPH  |9 1280 
655 7 |a diktáty a cvičenia  |2 SNKPH  |9 70566 
655 7 |a príručky  |2 SNKPH  |9 74364 
700 1 |a Benková, Jozefína  |4 aut  |9 10909 
700 1 |a Matúšová, Anežka  |4 aut  |9 45629 
919 |a 80-10-00877-X 
999 |c 862513  |d 864443 
952 |a SNK  |b SNK  |y PREZ  |7 0  |p 17A0506228  |o snkSE 11138  |i snk2006/7963  |8 0  |0 0  |1 0  |4 0  |d 2006-04-20  |f 1  |l 0  |r 2026-02-24 05:16:45  |w 2026-02-24 
952 |a SNK  |b SNK  |y VYP  |7 0  |p 17A0506229  |o snkSE 11138 D1  |i snk2006/7964  |8 0  |0 0  |1 0  |4 0  |d 2006-04-20  |l 0  |r 2026-02-24 05:16:45  |w 2026-02-24